Информационные технологии в социально-культурном сервисе и туризме. Оргтехника: учебник для вузов

Библиографические подробности
Главный автор: Морозов М. А. Михаил Анатольевич
Другие авторы: Морозова Н. С. Наталья Степановна
Примечания:Рассмотрены и проанализированы основные направления использования современных компьютерных технологий в социально-культурном сервисе и туризме. Показаны роль и влияние информационных технологий на развитие туристического и гостиничного бизнеса. Изложены возможности и преимущества использования глобальных систем бронирования и резервирования туристических услуг Galileo, Amadeus, Worldspan в условиях становления российского рынка туризма и гостеприимства. Рассмотрены пути использования Internet и перспективы внедрения электронной коммерции в области социально-культурного сервиса и туризма. Показаны направления использования мультимедийных технологий в социально-культурном сервисе и туризме. Изложены существующие подходы в области автоматизации гостиничного бизнеса. Рассмотрены наиболее известные зарубежные и отечественные разработки по комплексной автоматизации деятельности гостиничных комплексов. Для студентов высших учебных заведений.
Язык:русский
Опубликовано: Москва, Академия, 2008
Издание:6-е изд., перераб.
Серии:Высшее профессиональное образование
Туризм
Предметы:
Формат: Книга
Запись в KOHA:https://koha.lib.tpu.ru/cgi-bin/koha/opac-detail.pl?biblionumber=130644

MARC

LEADER 00000nam0a2200000 4500
001 130644
005 20231101220244.0
010 |a 9785769548772 
035 |a (RuTPU)RU\TPU\book\141499 
035 |a RU\TPU\book\80972 
035 |a RU\TPU\book\120599 
090 |a 130644 
100 |a 20050404d2008 m y0rusy50 ca 
101 0 |a rus 
102 |a RU 
105 |a a j 001zy 
200 1 |a Информационные технологии в социально-культурном сервисе и туризме. Оргтехника  |e учебник для вузов  |f М. А. Морозов, Н. С. Морозова 
205 |a 6-е изд., перераб. 
210 |a Москва  |c Академия  |d 2008 
215 |a 240 с.  |c ил. 
225 1 |a Высшее профессиональное образование 
225 1 |a Туризм 
320 |a Библиогр.: с. 236. 
330 |a Рассмотрены и проанализированы основные направления использования современных компьютерных технологий в социально-культурном сервисе и туризме. Показаны роль и влияние информационных технологий на развитие туристического и гостиничного бизнеса. Изложены возможности и преимущества использования глобальных систем бронирования и резервирования туристических услуг Galileo, Amadeus, Worldspan в условиях становления российского рынка туризма и гостеприимства. Рассмотрены пути использования Internet и перспективы внедрения электронной коммерции в области социально-культурного сервиса и туризма. Показаны направления использования мультимедийных технологий в социально-культурном сервисе и туризме. Изложены существующие подходы в области автоматизации гостиничного бизнеса. Рассмотрены наиболее известные зарубежные и отечественные разработки по комплексной автоматизации деятельности гостиничных комплексов. Для студентов высших учебных заведений. 
451 1 |0 (RuTPU)RU\TPU\book\149533  |y 978-5-7695-6631-8  |t Информационные технологии в социально-культурном сервисе и туризме. Оргтехника  |o учебник для вузов  |f М. А. Морозов, Н. С. Морозова  |e 6-е изд., перераб.  |c М.  |n Академия  |d 2009  |p 240 с.  |s Туризм  |a Морозов, Михаил Анатольевич 
606 1 |a Туризм  |x Информационные технологии  |2 stltpush  |3 (RuTPU)RU\TPU\subj\37128  |9 58266 
610 1 |a экономика 
610 1 |a туризм 
610 1 |a социально-культурный сервис 
610 1 |a информационные технологии 
610 1 |a оргтехника 
610 1 |a бронирование 
610 1 |a резервирование 
610 1 |a мультимедийные технологии 
610 1 |a глобальные компьютерные сети 
610 1 |a менеджмент 
610 1 |a гостиничные комплексы 
610 1 |a базы данных 
610 1 |a Excel 
610 1 |a Access 
610 1 |a сканеры 
610 1 |a средства коммуникации 
610 1 |a учебники 
686 |a У9(2)43я73  |v LBC/SL-A  |2 rubbk 
700 1 |a Морозов  |b М. А.  |g Михаил Анатольевич 
701 1 |a Морозова  |b Н. С.  |g Наталья Степановна 
801 1 |a RU  |b 63413507  |c 20080206  |g PSBO 
801 2 |a RU  |b 63413507  |c 20220428  |g PSBO 
900 |a Информационные технологии в социально-культурной сфере и туризме 
900 |a Информационные технологии в социально-культурном сервисе и туризме 
942 |c BK 
951 |b 100103  |b 100202 
959 |a 12/20080201  |d 1  |e 0  |f ЧЗГЛ:1 
959 |a 29/20080306  |d 1  |e 184,00  |f АНЛ:1